Cabeza de puente yanqui en Tehuantepec /

Esta obra presenta algunos documentos referentes a la fundación de la ciudad Comonfort, en Oaxaca, en 1857. Esta ciudad fue el intento fallido de un grupo de oaxaqueños notables de colonizar con norteamericanos una parte de la zona neurálgica del Istmo de Tehuantepec.

محفوظ في:
التفاصيل البيبلوغرافية
المؤلف الرئيسي: Castañeda Guzmán, Luis (autor)
التنسيق: كتاب
اللغة:الإسبانية
منشور في: México : Jus, 1958, c1958
سلاسل:(Figuras y Episodios de la Historia de México ; 59)
الموضوعات:
الوسوم: إضافة وسم
لا توجد وسوم, كن أول من يضع وسما على هذه التسجيلة!

MARC

LEADER 00000nam^a2200000^a^4500
001 000182280
005 20250521000000.0
009 20260310102000.569
037 |a Acervo ITESO - Biblioteca 
041 |a ESP 
082 |a 972. 747046  |b CAS 
100 |a Castañeda Guzmán, Luis  |e (autor) 
245 1 0 |a Cabeza de puente yanqui en Tehuantepec /  |c L. Castañeda Guzmán. 
264 4 |a México :  |b Jus,  |c 1958, c1958 
300 |a 36 p. 
336 |a texto  |b txt  |2 rdacontenido 
337 |a sin mediación  |b n  |2 rdamedio 
338 |a volumen  |b nc  |2 rdasoporte 
440 1 |a (Figuras y Episodios de la Historia de México ;  |v 59) 
520 |a Esta obra presenta algunos documentos referentes a la fundación de la ciudad Comonfort, en Oaxaca, en 1857. Esta ciudad fue el intento fallido de un grupo de oaxaqueños notables de colonizar con norteamericanos una parte de la zona neurálgica del Istmo de Tehuantepec. 
649 |a XX 
650 |a Tehuantepec (Istmo) -  |x Historia -  |y Régimen Liberal, 1855-1857 
650 |a Tehuantepec (Istmo) -  |x Historia -  |y Constitución y Reforma, 1855-1863 
650 |a Tehuantepec (Istmo) -  |x Historia -  |y Siglo XIX 
650 |a Oaxaca -  |x Historia -  |y Régimen Liberal, 1855-1857 
650 |a Oaxaca -  |x Historia -  |y Constitución y Reforma, 1855-1863 
650 |a Oaxaca -  |x Historia -  |y Siglo XIX 
650 |a México -  |x Historia -  |y Régimen Liberal, 1855-1857 
650 |a México -  |x Historia -  |y Constitución y Reforma, 1855-1863 
650 |a México -  |x Historia -  |y Siglo XIX 
910 |a Fondo General 
920 |a Impresos - Libros 
930 |a Colección General 
905 |a 101 
901 |a 0500122194  |b IT1  |c ACC  |u 20250521 
902 |a https://opac.biblio.iteso.mx/vufind/Record/000182280